logo

Bir Sreshtho Munshi Abdur Rouf Library
Jhenaidah Cadet College

দ্বিখন্ডিত রক্তাক্ত ভারতবর্ষ / (Record no. 7408)

MARC details
000 -LEADER
fixed length control field 00678nam a2200217 a 4500
003 - CONTROL NUMBER IDENTIFIER
JCCL marc code BD-JhCC
005 - DATE AND TIME OF LATEST TRANSACTION
control field 20180208184900.0
008 - FIXED-LENGTH DATA ELEMENTS--GENERAL INFORMATION
fixed length control field 180208s1997 bg |||| ||a| 00| 0 be d
020 ## - INTERNATIONAL STANDARD BOOK NUMBER
International Standard Book Number 9840800906
035 ## - SYSTEM CONTROL NUMBER
system control number (BD-JhCC)
040 ## - CATALOGING SOURCE
Original cataloging agency BD-JhCC
Modifying agency BD-JhCC
041 ## - LANGUAGE CODE
Language code of Book ben
082 ## - DEWEY DECIMAL CLASSIFICATION NUMBER
Classification number 954
Author mark and Year HAS 1997
100 ## - MAIN ENTRY--PERSONAL NAME
Personal name হাসানাত,আবুল
245 ## - TITLE STATEMENT
Title দ্বিখন্ডিত রক্তাক্ত ভারতবর্ষ /
Statement of responsibility, etc আবুল হাসানাত
260 ## - PUBLICATION, DISTRIBUTION, ETC. (IMPRINT)
Place of publication, distribution, etc ঢাকা :
Name of publisher, distributor, etc একাডেমিক পাবলিশার্স ;
Date of publication, distribution, etc 1997.
300 ## - PHYSICAL DESCRIPTION
Pagination 145 p. :
Dimensions 21 cm.
651 ## - SUBJECT ADDED ENTRY--GEOGRAPHIC NAME
Geographic name India
942 ## - ADDED ENTRY ELEMENTS (KOHA)
Source of classification or shelving scheme Library of Congress Classification
Koha item type Books

No items available.


JCC Library | Contacts | JCC Home

Last Update on 23 September 2017
Copyright @ 2017-2020 JCC Rouf Library
Rouf Library, Jhenidah Cadet College (JCC), Bangladesh